000 00935nam a22001697a 4500
003 LK-CoMWRAF
008 231211b |||||||| |||| 00| 0 eng d
020 _a9556250107
040 _aLK-CoMWRAF
_dLK-CoMWRAF
_eLK-CoMWRAF
041 _atam
082 _a370
_bILA
111 _aProceedings of the National Conference on Muslim Education in Sri Lanka
_cColombo
_d 19-20 November, 1994.
245 _aஇலங்கையில் முஸ்லீம் கல்வி :
_bபெண் கல்வியும் உயர் கல்வியும் : இலங்கை முஸ்லீம்களின் கல்விநிலை தொடர்பான தேசிய கல்வி மாநாட்டுக்கு கட்டுரைகள்
260 _aColombo :
_bMuslim Women's Research and Action Forum - MWRAF,
_c2000
700 _aஹஸ்புல்லா, எஸ்.எச்.
_eed.
942 _cBK
999 _c4354
_d4354